Osobnosti českého exlibris

Titel: Osobnosti českého exlibris : Sběratelé, organizátoři, publicisté, tiskaři
Verfasser:
Körperschaft:
Veröffentlicht: Praha : Spolek sběratelů a přátel exlibris, 2005
Umfang: 54 s.
Format: Buch
Sprache: Tschechisch
Schlagworte:
ISBN: 8023957732
Buchumschlag
X
alg: 39550168
001A    $01999:12-11-16 
001B    $06055:27-02-26 $t18:38:33.000 
001D    $01999:12-11-16 
001U    $0utf8 
001X    $00 
002@    $0Aax 
003@    $0395501687 
004A    $080-239-5773-2 
007A    $0395501687 $aHEB 
007T    $0Herdpp102443 
010@    $acze 
011@    $a2005 
021A    $aOsobnosti českého exlibris $dSběratelé, organizátoři, publicisté, tiskaři 
028A    $aHumplík $dMilan 
029F    $aps-2005-0020755 
033A    $pPraha $nSpolek sběratelů a přátel exlibris 
034D    $a54 s. 
039U    $8--Aox--Trnka, Miloslav. Humplík, Milan. Osobnosti českého exlibris. - Praha : Spolek sběratelů a přátel exlibris. -  2005 [Rezension], 2006 $9395256372 
044K    $RBöhmische Länder $RČeská SR $RTschechoslowakei $#Tschechien $#Tschechische Republik $#Tschechien $#Tschechische Republik $#Tschechenland $#Tschechei Tschechien $#Česká Republika $#Czech Republic $#ČR $D20251120 $Ecgmnf $74303381-7 $8Tschechien [Tg1] $9086659812 
044K    $RBesitzervermerk $REigentumsmarke $#Bookplates $#Ex-libris $#Ex libris $#Ex libris $#Exlibris $#Bucheignerzeichen $#Bücherzeichen Exlibris $#Buchmarke $#Ex-Libris $D20251120 $Ecgmnf $74015985-1 $8Exlibris [Ts1] $9085037435 
044K    $RSammlerin $#Collectors and collecting $#Collectionneurs et collections $#Collezionismo $#Coleccionistas y colecciones $D20251120 $Ecgmnf $74179037-6 $8Sammler [Ts1] $9085850543 
044K    $RUrheber $RAutorin $#Authors $#Écrivains $#Autor $#Autoren/Schriftsteller $#Verfasser $#Autoren $D20251120 $Ecgmnf $74003982-1 $8Autor [Ts1] $9085002402 
044K    $RDruck- und Papierberuf $RBuchdrucker $RDruckerin $RMedientechnologe Druck $#Printers $#Imprimeurs $#Impresores $#Drucker $D20251120 $Ecgmnf $74013091-5 $8Drucker [Ts1] $9085028681 

lok: 39550168 78

exp: 39550168 78 1 #EPN
201B/01 $026-11-17 $t04:48:07.000 
201U/01 $0utf8 
203@/01 $0792106148 
208@/01 $a12-11-16 $be 
209A/01 $a/ $f000 $x00 
220C/01 $aHerkunft: Hú Av Čr Praha 
244Z/01 $#Tschechien $#Tschechische Republik $#Tschechien $#Tschechische Republik $#Tschechenland $#Tschechei Tschechien $#Česká Republika $#Czech Republic $#ČR $74303381-7 $8--Tg1--Tschechien $x01 $9086659812 
244Z/01 $2Trx $#Böhmen $#Bohemia $#Czechy $8--Trx--Čechy $x02 $9391188941 
244Z/01 $2Trx $#eksliibrised $#ekslibriai $#exlibris $#ex libris könyvjegy $#ekslibrisy $#ex libris $#ex libris $8--Trx--Exlibris $x03 $9391358863 
244Z/01 $2Trx $#leksikonid, biograafilised $#biografiniai žodynai $#Lexicon, biographical $#lexikonok, biográfiai $#słowniki biograficzne $#slovníky, biografické $#slovníky biografické $#biographisches Lexikon $#biographisches Wörterbuch $#encyclopedia, biographical $8--Trx--Lexika, biographische $x04 $9391359959 
244Z/01 $2Trx $#graafika $#grafika $#Graphic arts $#grafika $#grafika $#grafika $#grafika $8--Trx--Graphik $x05 $9391356674 
244Z/01 $2Trx $#kogud $#kolekcijos $#Collections $#gyüjtemények $#zbiory $#zbierky $#sbírky $#Kunstsammlungen $#umelecké zbierky $8--Trx--Sammlungen $x06 $9391383078 
247C/01 $82080>Marburg/Lahn, Herder-Institut, Forschungsbibliothek, Bibliographieportal $9336309341
LEADER 00000cam a22000002c 4500
001 395501687
003 DE-603
005 20260227183833.0
007 tu
008 161112s2005 xx |||| | u00||u|cze c
020 |a 8023957732 
035 |a (DE-599)HEB395501687 
040 |a DE-603  |b ger  |c DE-603  |d DE-603 
041 |a cze 
100 1 |a Humplík, Milan 
245 0 0 |a Osobnosti českého exlibris  |b Sběratelé, organizátoři, publicisté, tiskaři 
264 1 |a Praha  |b Spolek sběratelů a přátel exlibris  |c 2005 
300 |a 54 s. 
650 7 |a Exlibris  |0 (DE-588)4015985-1  |0 (DE-603)085037435  |2 gnd 
650 7 |a Sammler  |0 (DE-588)4179037-6  |0 (DE-603)085850543  |2 gnd 
650 7 |a Autor  |0 (DE-588)4003982-1  |0 (DE-603)085002402  |2 gnd 
650 7 |a Drucker  |0 (DE-588)4013091-5  |0 (DE-603)085028681  |2 gnd 
651 7 |a Tschechien  |0 (DE-588)4303381-7  |0 (DE-603)086659812  |2 gnd 
710 2 |a ps-2005-0020755 
787 0 8 |i Rezensiert in  |a Trnka, Miloslav  |t Humplík, Milan. Osobnosti českého exlibris. - Praha : Spolek sběratelů a přátel exlibris. - 2005 [Rezension]  |w (DE-603)395256372 
924 0 |9 2080  |a (DE-603)792106148  |b DE-2080  |c HES  |d d  |g /